000 01015nam a2200253 a 4500
001 000013677
003 OSt
005 20240704114906.0
008 091127s1999 dr 001 0 spa d
040 _aDO-SdBNP
_bspa
_cBNPHU
082 _a345.05
_bR426a, 1999
110 1 _aRepública Dominicana.
_bComisionado de Apoyo a la Reforma y Modernización de la Justicia
_917179
245 1 0 _aAnteproyecto de nuevo código penal dominicano /
_cArtagnan Pérez Méndez... [et al.] ; prólogo Aura Celeste Fernández R.
260 _aSanto Domingo :
_bCAMJ,
_c1999.
300 _a280 p. ;
_c21 cm.
590 _aInventariado,2018/DG
650 4 _aDerecho penal
_xLegislación
_zRepública Dominicana
_916570
650 4 _aProcedimiento penal
_xLegislación
_zRepública Dominicana
_916571
650 4 _aAnteproyecto de ley
_910529
650 4 _aLeyes
_zRepública Dominicana
_93033
700 1 _aFernández Rodríguez, Aura Celeste,
_d1959-
_epról.
_976547
910 _aValidado. Control de calidad EMS.
942 _2ddc
_cLF1
999 _c13291
_d13291